00510nam a2200193 a 4500001001300000003000900013005001700022008004100039020001000080082001600090100001800106245004700124260003700171300000800208500003500216505003100251650001600282700001800298nice12345678IN_TiNIC20260116011407.0050524s1960 alia grp 000 0 urd  ac10000a297.8bABD1 aAbdul Aleem,  aKitab Maarifatul Mazahib; Tasees-E-Aligarh aAligarhbMuslim Universityc1960 a13p aincludes index and biblioraphy2 alight of islam series no.4 aIslam-Sects1 aAbdul Aleem,